000 00682nam a2200289Ia 4500
005 20260324111644.0
008 008 260324s9999 xx 000 0 eng d
020 _a9781003542612
037 _aEBOOK
040 _aCRL
040 _beng
040 _cCRL
041 _2eng
041 _aeng
084 _qCRL
100 _aAndrew Ackerman
_91139465
245 4 _aThe Entrepreneur's Odyssey
245 2 _bA Novel Approach to Startup Success
260 _bTaylor and Francis
260 _c2025
365 _a
365 _b220
856 _uhttp://www.taylorfrancis.com/books/9781003542612
942 _cEBOOK
999 _c1728358
_d1728358